| 000 | 01473nam0a22002891 4500 | ||
|---|---|---|---|
| 001 | rc\3305229 | ||
| 005 | 20130115150024.2 | ||
| 021 |
_aRU _b[72-14956ж] |
||
| 035 | _a(NLR Aleph) 007502135 | ||
| 090 |
_a7669143 _c7669143 |
||
| 100 | _a20130115d1971 |||y0rusy50 ca | ||
| 101 | 0 | _arus | |
| 102 | _aRU | ||
| 105 | _ay z ||||| | ||
| 200 | 1 |
_aДиагностика, лечение и профилактика пуэрперальных заболеваний матери и заболеваний новорожденных _e[Сборник статей] _fРед. коллегия: проф. В.М. Лотис (отв. ред.) [и др.] |
|
| 210 |
_aМосква _cБ. и. _d1971 |
||
| 215 |
_a168 с. _d21 |
||
| 225 | 1 |
_aМинистерство здравоохранения РСФСР. Московский областной отдел здравоохранения. Московский областной научно-исследовательский институт акушерства и гинекологии. Сборник научных трудов _vВып. 6 |
|
| 300 | _aНа пер. только загл. сер. | ||
| 606 |
_aНоворожденные _xБолезни _jСборники _2psbo |
||
| 606 |
_aПослеродовые заболевания _jСборники _2psbo |
||
| 702 | 1 |
_aЛотис _bВ. М. _4340 |
|
| 801 | 0 |
_aRU _bNLR _gpsbo |
|
| 801 | 1 |
_aRU _bELAR _2rusmarc |
|
| 852 |
_aNLR _jП16/965 |
||
| 942 | _cBOOK | ||
| 980 | _aNB | ||